| 000 | 02451nam a22003257a 4500 | ||
|---|---|---|---|
| 005 | 20110801155628.0 | ||
| 010 | _aB-436088-092 | ||
| 020 |
_c15.00 _a8182630533 |
||
| 035 | _aB-436088-092 | ||
| 037 | _bब्लयूबेरी बुक्स | ||
| 082 | _a क | ||
| 100 |
_aचव्हाण, माधव _931313 |
||
| 245 |
_aजंगल का स्कूल / _cमाधव चव्हाण ;मीरा तेंडोलकर द्वारा संकल्पना; केतन राऊत द्वारा चित्रांकित |
||
| 246 |
_aJungal ka school _bby Madhav Chavhan |
||
| 260 |
_aनई दिल्ली _bप्रथम बुक्स _c2010 |
||
| 270 |
_bनई दिल्ली _k +911141042483 _l _m |
||
| 300 |
_a20पृ.; _c17x17सेमी (अजिल्द) _bसचित्र |
||
| 490 |
_a _931314 |
||
| 500 | _a | ||
| 700 |
_aतेंडोलकर, मीरा _930654 |
||
| 700 |
_aराऊत, केतन _930679 |
||
| 942 |
_2ddc _cCH _mचव्हाण _h क |
||
| 999 |
_c54635 _d54635 |
||